000 00647nam a2200193Ii 4500
003 JO-AjNU
008 230605s9999||||xx |||||||||||||| ||und||
040 _aJO-AjNU
_bara
_erda
_cJO-AjNU
041 _aara
050 1 4 _aGV361 .H3 1982
100 3 _aمعوض، حسن سيد,
_eauthor
_948874
245 0 0 _aطرق التدريس في التربية البدنية
264 3 1 _aالمكتبة المدرسية، 1982
300 _a317ص
_bصور توضيحية
336 _atext
_btxt
_2rdacontent
337 _aunmediated
_bn
_2rdamedia
338 _avolume
_bnc
_2rdacarrier
650 4 _aالتربية الرياضية - تدريس
_948875
999 _aA21432
_c25000
_d25000